Bagai Camar Di Lautan

Bibliographic Details
Other Authors: Othman Putih (penyelengaraan)
Format: Book
Published: Kuala Lumpur : DBP , 1990
Subjects:

MARC

LEADER 00000cam a2200000 7i4500
001 0000007669
002 000008239
005 20000330.0
020 |a 9836215204 
090 0 0 |a F   |b BAG 
245 0 0 |a Bagai Camar Di Lautan 
260 |a Kuala Lumpur :   |b DBP ,   |c 1990 
300 |a 210p. ;   |c 18cm. 
650 0 0 |a Short stories 
700 0 |a Othman Putih ,   |e penyelengaraan 
999 |a 055247   |b BUKU   |c FICTION   |e PERPUSTAKAAN KOMUNITI CAW KOTA DAMANSARA